Energy and environment of the Slovak Republic in transition

Gespeichert in:
Bibliographische Detailangaben
1. Verfasser: Kluvánková-Oravská, Tatiana
Format: Buch
Sprache:Englisch
Veröffentlicht: Bratislava Institute for Forecasting Slovak Academy of Sciences 2000
Schriftenreihe:Working papers No. 9
Schlagworte:
Tags: Tag hinzufügen
Keine Tags, Fügen Sie das erste Tag hinzu!

MARC

LEADER 00000nam a2200000 4500
001 c124778
005 20221221082222.4
022 |a 0862-9137 
041 0 |a eng 
044 |a SK 
245 1 0 |a Energy and environment of the Slovak Republic in transition  |c Tatiana Kluvánková-Oravská 
264 1 |a Bratislava  |b Institute for Forecasting Slovak Academy of Sciences  |c 2000 
300 |a 22 s. 
490 1 |a Working papers  |v No. 9 
830 0 |a Working papers  |v No. 9 
610 2 0 |a energetika 
610 2 0 |a energia 
610 2 0 |a prostredie životné 
610 2 0 |a transformácia 
610 2 0 |a obdobie prechodné 
610 2 0 |a politika environmentálna 
610 2 0 |a nástroje ekonomické 
610 2 0 |a ceny 
610 2 0 |a výskum 
610 2 0 |a Slovensko 
100 1 |a Kluvánková-Oravská, Tatiana